000 00755nam a2200277 i 4500
001 C2-0227930
003 PPAK
005 20180728155221.0
008 000801s1999 enka|||| ||||| | eng d
020 _a0340743972
040 _aPPAK
_beng
_cPPAK
_erda
082 0 4 _a501
_223
090 0 0 _a501
_bGRI
_dK
100 1 _aGribbin, Mary,
_eauthor
245 1 0 _aChaos and uncertainty
264 1 _aLondon :
_bHodder Children's Books ,
_c1999
300 _a128 pages :
_billustrations ;
_c20 cm
336 _2rdacontent
_atext
337 _2rdamedia
_aunmediated
338 _2rdacarrier
_avolume
490 1 _aWhat's the big idea?
650 1 0 _aChaotic behavior in systems
700 _eauthor
830 0 _aWhat's the big idea?
942 _ddc
_cB
999 _c147923
_d147923